000 00401nas a2200157 a 4500
001 68205
003 141500
005 20201118110517.0
008 ||||||n9999 ||| || ||
041 _aspa
245 0 _aBeijing Informa - No.34
260 _aChina :
_bCorporacion China de Comercio Internacional del Libro,
_c1993.
562 _e0
773 _017606
_aBeijing Informa :
942 _cSISS
999 _c68205
_d68205